Štruktúra motivácie študentov a výučba štatistiky na neštatistických študijných smeroch

Kvalita a hĺbka vedomostí zo štatistiky, získaných štúdiom na Ekonomickej univerzite . Motivácia študentov. Výsledky uskutočneného prieskumu.

Gespeichert in:
Bibliographische Detailangaben
1. Verfasser: Sušienková, Katarína, 1967-
Format: Buchkapitel
Sprache:Slowakisch
Schlagworte:
Tags: Tag hinzufügen
Keine Tags, Fügen Sie das erste Tag hinzu!

MARC

LEADER 00000naa$a2200000$$$4500
001 0068125
005 20240502071824.0
041 0 |a slo 
044 |a SK 
245 1 0 |a Štruktúra motivácie študentov a výučba štatistiky na neštatistických študijných smeroch  |c Katarína Sušienková 
520 |a Kvalita a hĺbka vedomostí zo štatistiky, získaných štúdiom na Ekonomickej univerzite . Motivácia študentov. Výsledky uskutočneného prieskumu. 
610 2 0 |a výučba vedecká 
610 2 0 |a školy vysoké 
610 2 0 |a štatistika 
610 2 0 |a motivácia 
610 2 0 |a študenti 
610 2 0 |a kvalifikácia 
100 1 |a Sušienková, Katarína, 1967-